000 00234nam a2200121Ia 4500
100 _a#N/A
650 _aComputer/ IT
942 _cBK
654 _a13LINUX DISTROS
245 _a13 LINUX DISTROS
260 _b#N/A
546 _aENGLISH
999 _c34309
_d34309